000 01136nam a2200313 a 4500
999 _c127444
_d127444
003 BLK
005 20230701005133.0
008 180409b bul|||||r ||||||| ||bul||
010 _aKNG00133146000
040 _aBLK
041 _aBUL
_cBUL
080 _aБългарска литература
_b821.163.2
_x-32
_z821.163.2-32
100 _aБиолчев, Боян Асенов
_cЧичо Боби (псевдоним)
_d1942 -
_9365228
139 _aБиолчев, Боян Асенов
_bБ 45
245 1 0 _aМираж под наем
_bНовели
_cБоян Асенов Биолчев.
257 _aBGR
260 _aВ. Търново
_bАбагар
_c1991
300 _a124 с.
_c20 см
380 _aX
490 _aНова българска проза
_9201206
500 _a10 080 тир.
852 _aЦб 170057
856 4 _qpdf
_i0.00
_ldisable
856 4 _qpdf
_i0.00
_ldisable
942 _cKNG
_n0
_01
_s1
944 _aCR
_c24.08.2012
_l24.08.2012 - от С1,Р / 24.08.2012
_kНаталия_Медовщикова
944 _aED
_c24.08.2012
_l24.08.2012 - от С1,Р / 24.08.2012
999 _d127444